[Event "AUT-ch U14"]
[Site "St Veit"]
[Date "2023.06.11"]
[Round "7"]
[White "Stickler, Florentin"]
[Black "Kim, Thomas Jakob"]
[Result "0-1"]
[WhiteElo "1739"]
[BlackElo "1391"]
[PlyCount "102"]
[EventDate "2023.06.08"]
[EventType "swiss"]
[EventRounds "7"]
[EventCountry "AUT"]
[SourceTitle "EXT 2024"]
[Source "ChessBase"]
[SourceDate "2023.10.10"]
[SourceVersion "1"]
[SourceVersionDate "2023.10.10"]
[SourceQuality "1"]

1. d4 Nf6 2. Bf4 d5 3. Nf3 Bf5 4. e3 c5 5. Bb5+ Nbd7 6. dxc5 e6 7. b4 a5 8. c3 Be7 9. 0-0 0-0 10. a3 Ne4 11. Nd4 Bg5 12. Bxg5 Nxg5 13. Nxf5 exf5 14. Qxd5 Nf6 15. Qxb7 Nfe4 16. Be2 Qf6 17. Qb6 Ne6 18. Ra2 g6 19. Rc2 h5 20. Bf3 Qh4 21. Bxe4 Qxe4 22. Re2 Nf4 23. exf4 Qxe2 24. a4 Rfd8 25. g3 Rd1 26. Rxd1 Qxd1+ 27. Kg2 Qxb1 28. Qb7 Qe4+ 29. Qxe4 fxe4 30. c6 Kf8 31. b5 Ke7 32. Kf1 Kd6 33. Ke2 Kc5 34. Ke3 f5 35. h4 Rd8 36. f3 exf3 37. Kxf3 Kb6 38. Ke3 Rd1 39. c4 Rd8 40. c7 Kxc7 41. c5 Rd5 42. c6 Rd6 43. g4 hxg4 44. h5 gxh5 45. Kf2 h4 46. Kg2 Rd2+ 47. Kg1 g3 48. Kf1 h3 49. Ke1 Ra2 50. b6+ Kxb6 51. c7 Kxc7 0-1